Statistics for Geography Questions

Click here to take the quiz!

General Stats

  • This quiz has been taken 19 times
  • The average score is 9 of 15

Answer Stats

QuestionAnswer% Correct
What Does The "DC" In Washington DC Stand For?District of Columbia
94%
Wellington Is The Capital of Which Country?New Zealand
94%
What Is The Capital of Canada?Ottawa
94%
What Is The Youngest Country?South Sudan
94%
What Country Is Between Russia and China?Mongolia
82%
In Which Ocean Is The Bermuda?Atlantic Ocean
76%
What Is The Largest Waterfall?Victoria Falls
71%
Which Country Has The Oldest Flag?Denmark
65%
What Country Has The Longest Coastline?Canada
59%
What is The Least Populated State In the US?Wyoming
59%
Which Country Has The Most Pyramids?Sudan
53%
What Country Has The Highest HDI Score?Norway
35%
How Many Countries Does Russia Border?14
29%
Which One of These Countries Does Chad Border?Nigeria
24%
What Country Has The Lowest Human Development Index (HDI) Score?Niger
12%

Score Distribution

Percentile by Number Answered

Percent of People with Each Score

Your Score History

You have not taken this quiz